000 02062cam a22004094i 4500
003 PE-LiUPU
005 20250731175627.0
008 200123s2000 xxu r 000 0 spa d
020 _a0310232295
020 _a9780310232292
035 _a(Sirsi) a252796
040 _aPE-LiUPU
_bspa
_cPE-LiUPU
_erda
049 _aPRUA
082 0 4 _a487.4
_bW19
_221
100 1 _aWallace, Daniel B.,
_eautor.
245 1 4 _aThe basics of New Testament syntax :
_ban intermediate Greek grammar /
_c Daniel B. Wallace.
264 1 _aGrand Rapids :
_bZondervan,
_c2000.
300 _a334 páginas ;
_c28 centímetros
336 _atext
_2rdacontent
337 _aunmediated
_2rdamedia
338 _avolume
_2rdacarrier
505 0 _aSyntax of nouns and nominals -- The cases -- The cases: An introduction -- Nominative case -- Vocative case -- Genitive case -- Dative case -- Accusative case -- The article -- Origin, function, regular uses, absence -- Special uses and non-uses of the article -- Adjectives -- Pronouns -- Prepositions -- Syntax of verbs and verbals -- Person and number -- Voice -- Active -- Middle -- Passive -- Mood -- Indicative -- Subjective -- Optative -- Imperative -- Tense -- The tenses: An introduction -- Present -- Imperfect -- Aorist -- Future -- Perfect and pluperfect -- The infinitive -- The participle -- Syntax of the clause -- Introduction to Greek clauses -- The role of conjunctions -- Special studies in the clauses.
526 _aP145
526 _aP127
526 _aP97
526 _aP35
526 _aP14
526 _aP07
650 0 7 _aBiblia.
_pNuevo Testamento.
_2fast.
650 0 4 _aLengua griega, bíblica
_xgramática.
_2fast.
910 _adbm
_bksl
_cksl
_d20200123
942 _2ddc
_cBOOK
994 _aC0
_bPEPRU
596 _a1
999 _a487.4 W19
_wDEWEY
_c32016
_i80888
_f2021-11-11
_g2
_lCCODEBUL1
_mBUL
_p42.00
_r0
_sY
_tBOOK
_u2020-1-23
_xTEOLOGIA
_PP35
_0DONACION
_o.STAFF. Colección Teología
_d32016
980 _81
_gALBERTO SANCHEZ Responsable de Automatización